| 000 | 01055nam a2200217Ia 4500 | ||
|---|---|---|---|
| 003 | Ost | ||
| 005 | 20260507074953.0 | ||
| 008 | 260507s9999||||xx |||||||||||||| ||und|| | ||
| 040 | _cfsecg | ||
| 041 | _aara | ||
| 082 | _a332.1 | ||
| 100 |
_aالوكيل، نشأت _eمؤلف |
||
| 245 | 0 |
_aالتوازن النقدى ومعدل الصرف : _bدراسة تحليلية مقارنة لسوق النقود وسعر الصرف / _c نشأت الوكيل |
|
| 260 |
_aالقاهرة: _bشركة ناس للطباعة, _c2006 |
||
| 300 |
_a452 صفحة؛ _bإيضاحات ؛ _c24 سم |
||
| 504 | _aببليوغرافيا:ص.443-452 | ||
| 520 | _aمداخل تحديد معدل الصرف،سوق النقود ومعدل الصرف:دراسة مسحية،النماذج النقدية الأساسية لمعدل الصرف،نموذجا توازن المحفظة وإحلال العملة لمعدل الصرف،النموذج القياسي وتحليل النتائج | ||
| 653 | _aالنقود | ||
| 653 | _aسعر الصرف | ||
| 942 | _cكتاب | ||
| 999 |
_c42011 _d42011 |
||